00329nam a2200121Ia 4500008004100000041000800041082001700049100001600066245005100082260003400133300003100167365000900198240624s9999 xx 000 0 und d aeng a658.4092 GOR aGORDON JACK aPFEIFFER S CLASSIC ACTIVITIES FOR DEVELOPING L c2003aSan FranciscobPfeiffer axvi, : 435 : p. : cm. ; 29 cb28